MARC

LEADER 00000nam0a2200000 4500
001 362302
005 20231102011457.0
035 |a (RuTPU)RU\TPU\retro\19648 
090 |a 362302 
100 |a 20210722d1965 km y0rusy50 ca 
101 0 |a rus 
102 |a RU 
105 |a a z 001zy 
200 1 |a Конструкция и расчет дизельной топливной аппаратуры  |f Р. В. Русинов 
210 |a Москва  |c Машиностроение  |d 1965 
215 |a 148 с.  |c ил. 
320 |a Библиогр.: с. 144-146 
606 1 |a Топливная аппаратура дизельная  |x Конструкция и расчет  |2 stltpush  |3 (RuTPU)RU\TPU\subj\60937  |9 78158 
610 1 |a проектирование 
610 1 |a прецизионные элементы 
610 1 |a кулачки 
610 1 |a профили 
610 1 |a топливные насосы 
610 1 |a размеры 
610 1 |a выбор 
675 |a 621.436.03  |v 4 
700 1 |a Русинов  |b Р. В. 
801 1 |a RU  |b 63413507  |c 20210722 
942 |c BK